Solnečnaja energija i strojiteľstvo = Solar energy and building

Enregistré dans:
Détails bibliographiques
Auteur principal: Szokolay, S.V (Auteur)
Format: Livre
Langue:russe
Publié: Moskva : Strojizdat, 1979
Tags: Ajouter un tag
Pas de tags, Soyez le premier à ajouter un tag!

MARC

LEADER 00000nam a22000003a 4500
001 stu141669
005 20150617225957.7
008 070523s1979------------------------rus-d
040 |a STU  |b slo 
041 0 |a rus 
080 |a 620.91 
080 |a 523.9 
080 |a 697.329 
100 1 |a Szokolay, S.V.  |4 aut 
245 1 |a Solnečnaja energija i strojiteľstvo = Solar energy and building 
260 |a Moskva :  |b Strojizdat,  |c 1979 
300 |a 208 s 
996 |b E46157  |c E*46157  |l EE05  |s P  |a 0  |w stu141669_0001